000 01287nam a2200229Ia 4500
003 Ost
005 20260507075218.0
008 260507s9999||||xx |||||||||||||| ||und||
040 _cfsecg
041 _aara
082 _a330
100 _aالتميمي، ارشد فؤاد
_eمؤلف
245 0 _aالأسواق المالية :
_bاطار في التنظيم و تقييم الادوات /
_c ارشد فؤاد التميمي
260 _aعمان:
_bدار اليازوري,
_c2010
300 _a440 صفحة؛
_bإيضاحات ؛
_c24 سم
504 _aمراجع ص.429 ؛ ملاحق ص.433
520 _aمدخل في الاسواق المالية ، كفاءة السوق المالية ، أسواق النقد ، سوق رأس المال ، سوق رأس المال الاردني ، أسواق الاسهم العادية و تقييمها ، تحليل سلوك أسعار الاسهم ، أسواق السندات ، تقييم السندات ، أسواق الرهن العقاري ، أسواق الخيارات ، أسواق المستقبليات المالية ، أسواق مبادلات أسعار الفائدة .
653 _aالأسواق المالية
653 _aالتنظيم
653 _aرأس المال- الأردن
942 _cكتاب
999 _c43508
_d43508